|
|
|
|
| LEADER |
00000nab a2200000 a 4500 |
| 001 |
vtls000584968 |
| 003 |
SK-MaSNL |
| 005 |
20260303011413.0 |
| 008 |
120930c xo 0 slo |
| 015 |
|
|
|a SNBRA19rr/mm-uuuuu
|
| 035 |
|
|
|a CL0585107
|
| 040 |
|
|
|a SNKBUCL
|b slo
|c SNKBUCL
|e AACR2
|
| 041 |
0 |
|
|a slo
|
| 044 |
|
|
|a xo
|c SK
|
| 080 |
|
|
|a 550.8:624.131.1:002
|2 1981
|
| 080 |
|
|
|a 624.131.1
|2 1981
|
| 080 |
|
|
|a 002
|2 1981
|
| 100 |
1 |
|
|a Gajdoš, Vojtech,
|d 1944-
|4 aut
|9 39758
|
| 245 |
1 |
0 |
|a Problémy informácie v aplikovanej geológii a geofyzike
|c Vojtech Gajdoš
|
| 650 |
0 |
7 |
|a aplikovaná geológia
|2 snkbucl
|9 240972
|
| 650 |
0 |
7 |
|a geofyzika
|2 snkbucl
|9 1220
|
| 650 |
0 |
7 |
|a informácie geologické
|2 snkbucl
|9 989983
|
| 650 |
0 |
7 |
|a informácie geofyzikálne
|2 snkbucl
|9 989984
|
| 655 |
|
7 |
|a články zo zborníkov
|2 snkbucl
|9 166140
|
| 773 |
0 |
|
|t Výsledky, problémy a perspektívy inžinierskej geológie v Slovenskej republike
|z 8096715429
|
| 773 |
0 |
|
|d Bratislava : Slovenská asociácia inžinierskych geológov, 1994
|g S. 173-176
|
| 850 |
|
|
|a Slovenská národná knižnica v Martine
|a MTA001
|
| 852 |
|
|
|a SNK
|b KIS3GCP
|
| 958 |
|
|
|a RK
|
| 992 |
|
|
|a RZB
|
| 999 |
|
|
|c 1591949
|d 1593879
|